Identity, inequality and social justice in Bihar: A study in the light of caste-based survey (Record no. 529528)

000 -LEADER
fixed length control field 01766nam a22001457a 4500
008 - FIXED-LENGTH DATA ELEMENTS--GENERAL INFORMATION
fixed length control field 250425b ||||| |||| 00| 0 eng d
100 ## - MAIN ENTRY--PERSONAL NAME
Personal name Kumar, Abinash and Anjani Ghosh, Kumar
245 ## - TITLE STATEMENT
Title Identity, inequality and social justice in Bihar: A study in the light of caste-based survey
260 ## - PUBLICATION, DISTRIBUTION, ETC. (IMPRINT)
Place of publication, distribution, etc Bihar Journal of Public Administration
300 ## - PHYSICAL DESCRIPTION
Extent 21(2), Jul-Dec, 2024: p.902-908
520 ## - SUMMARY, ETC.
Summary, etc The state of Bihar has diversities in terms of caste, religion, culture, economic status and also geographical settings. It is a dominant assumption that the people’s different identities determine their roles in different way in structures of institutions of state making their relationship with other categories of people complex. The identity of religion and caste among other identities are politically most effective in Bihar. These identities have an intricate and complex relationship depending upon the situation. In most cases, the identities of caste and gender seem to be dependent on religious identity. Identity as women has drawn attention of political parties in recent years, but women also belong to identities of caste and religion. Thus, the present study attempts to explain the role of different categories of people in the creation of inequality which further leads to injustice at large. The article also critically evaluates the role of the government of Bihar in dispensing justice to marginalized sections of societies like women, backward castes, SCs/STs etc. – Reproduced

http://www.iipabiharbranch.org/upload/BJPA%20Vol%20XXI%20No.%202%20Jul-Dec%202024.pdf
650 ## - SUBJECT ADDED ENTRY--TOPICAL TERM
Topical term or geographic name as entry element Caste, Religion, Equality, Gender, Identity, Social Justice. Bihar.
9 (RLIN) 52428
773 ## - HOST ITEM ENTRY
Main entry heading Bihar Journal of Public Administration
942 ## - ADDED ENTRY ELEMENTS (KOHA)
Item type Articles
Holdings
Withdrawn status Lost status Source of classification or shelving scheme Damaged status Not for loan Permanent location Current location Date acquired Serial Enumeration / chronology Barcode Date last seen Koha item type
          Indian Institute of Public Administration Indian Institute of Public Administration 2025-04-25 21(2), Jul-Dec, 2024: p.902-908 AR135436 2025-04-25 Articles

Powered by Koha